The Pearson guide to B.Sc.nursing examination/ (Record no. 75597)

MARC details
000 -LEADER
fixed length control field 00770nam a22002177a 4500
005 - DATE AND TIME OF LATEST TRANSACTION
control field 20130528154001.0
010 ## - LCCN (DPL NO)
LC control number B-506572-573
020 ## - INTERNATIONAL STANDARD BOOK NUMBER
International Standard Book Number 9788131713389
Terms of availability 450.00
020 ## - INTERNATIONAL STANDARD BOOK NUMBER
International Standard Book Number 8131713385
035 ## - SYSTEM CONTROL NUMBER
System control number B-506572-573
037 ## - SOURCE OF ACQUISITION
Stock number KKP/Ven
082 ## - DEWEY DECIMAL CLASSIFICATION NUMBER
Classification number 000
100 ## - MAIN ENTRY--PERSONAL NAME
Personal name Saroj Parwez
245 ## - TITLE STATEMENT
Title The Pearson guide to B.Sc.nursing examination/
Statement of responsibility, etc Saroj Parwez
246 ## - VARYING FORM OF TITLE
Title proper/short title B.Sc.nursing examination
260 ## - PUBLICATION, DISTRIBUTION, ETC. (IMPRINT)
Place of publication, distribution, etc Noida
Name of publisher, distributor, etc Pearson
Date of publication, distribution, etc 2013
270 ## - ADDRESS
Address 7th Floor, Knowledge Boulevard, A-8(A), Sec-62
City Noida
Postal code 201309
300 ## - PHYSICAL DESCRIPTION
Extent Various pages
Dimensions 23cm,(pbk)
942 ## - ADDED ENTRY ELEMENTS (KOHA)
Source of classification or shelving scheme Dewey Decimal Classification
Item type English Books
Call number suffix PEA
Classification part 000
Holdings
Withdrawn status Lost status Not for loan Collection code Home library Current library Date acquired Source of acquisition Cost, normal purchase price Full call number Barcode Copy number Cost, replacement price Koha item type
      Non-fiction Sarojini Nagar Sarojini Nagar 28/05/2013 KKP/BL3018/19.3.13/172/19.3.13/22.3.13 450.00 000 PEA B-506572 1 450.00 English Books
      Non-fiction Sarojini Nagar Sarojini Nagar 28/05/2013 KKP/BL3018/19.3.13/172/19.3.13/22.3.13 450.00 000 PEA B-506573 1 450.00 English Books

© Delhi Public Library
Hit Counter
free hit counter